Joueurs de Ligue 1 à la Copa America 2021 - Statistiques

Statistiques générales
  • Ce quiz a été pris 328 fois
  • Le résultat moyen est 6 sur 9
Statistiques - réponses
Nation Club % Correct
Brésil Paris SG Neymar
96%
Brésil Paris SG Marquinhos
91%
Argentine Paris SG Angel Di Maria
90%
Brésil Olympique Lyonnais Lucas Paqueta
87%
Argentine Paris SG Leandro Paredes
84%
Chili AS Monaco Guillermo Maripan
57%
Vénézuela RC Lens Wuilker Farinez
39%
Pérou AS Saint-Étienne Miguel Trauco
38%
Paraguay Nîmes Olympiques Andrés Cuba
15%
Aucun quiz correspondant
Distribution des résultats
% des personnes avec chaque résultat
Percentile par nombre de réponses
Votre historique - résultats
Vous n’avez pas pris ce quiz